Ambientes y residuos peligrosos /
Guardado en:
| Autor Principal: | |
|---|---|
| Formato: | Libro |
| Idioma: | Spanish |
| Publicado: |
Buenos Aires :
Estudio,
2011
|
| Edición: | 1a. ed. |
| Materias: | |
| Etiquetas: |
Agregar Etiqueta
Sin Etiquetas, Sea el primero en etiquetar este registro!
|
| LEADER | 00832nam a22002175a 4500 | ||
|---|---|---|---|
| 001 | DER.der012428 | ||
| 008 | 180615s2011####ag#||||||||||||||#||spa|| | ||
| 005 | 20251218190929.0 | ||
| 245 | 1 | 0 | |a Ambientes y residuos peligrosos / |c Silvia Nonna , con la colaboración de Natalia Waitzman, José M. Dentone, y E. Fonseca Ripani |
| 250 | |a 1a. ed. | ||
| 260 | |a Buenos Aires : |b Estudio, |c 2011 | ||
| 300 | |a 394 p. | ||
| 500 | |a Anexo normativo. Leyes de presupuestos mínimos para la protección ambiental. Ley de residuos peligrosos. Jurisprudencia. | ||
| 020 | |a 9789509873276 | ||
| 100 | 1 | |a Nonna, Silvia | |
| 700 | 1 | |a Waitzman, Natalia, |e col. | |
| 700 | 1 | |a Dentone, José M., |e col. | |
| 700 | 1 | |a Fonseca Ripani, E., |e col. | |
| 650 | 7 | |a DERECHO AMBIENTAL | |
| 650 | 7 | |a tratamiento de residuos | |
| 859 | |a DERECHO |b BIB. DERECHO |h 363.728 |i NON |p 007253 | ||
